Select the Asian Country - Statistics

General Stats
  • This quiz has been taken 243 times
  • The average score is 32 of 48
Answers on the Map
Answers color-coded by a green-red scale on the quiz's map according to % correct below.
 
Answer Stats
Answer % Correct
China
87%
India
87%
South Korea
80%
Afghanistan
79%
Indonesia
79%
Japan
79%
North Korea
78%
Mongolia
77%
Sri Lanka
75%
Turkey
75%
Cyprus
74%
Iran
74%
Kazakhstan
74%
Taiwan
74%
Bangladesh
73%
Philippines
73%
Saudi Arabia
73%
Vietnam
73%
Iraq
71%
Pakistan
71%
Bhutan
70%
Israel
70%
Laos
70%
Maldives
70%
Nepal
70%
Thailand
70%
Cambodia
69%
Malaysia
67%
Myanmar
66%
United Arab Emirates
66%
Georgia
65%
Oman
63%
Singapore
63%
Jordan
62%
Azerbaijan
61%
Timor-Leste
61%
Yemen
61%
Armenia
59%
Brunei
58%
Syria
58%
Lebanon
57%
Kuwait
54%
Qatar
54%
Turkmenistan
52%
Kyrgyzstan
51%
Tajikistan
51%
Bahrain
49%
Uzbekistan
45%
No matching quizzes found
Score Distribution
Percent of People with Each Score
Percentile by Number Answered
Your Score History
You have not taken this quiz